000 00205nam a2200097Ia 4500
008 170627s9999 xx 000 0 und d
100 _aKHAN-M.Y.
245 0 _aFINANCIAL SERVICES
260 _bTMH
260 _c2010
546 _aENGLISH
999 _c35776
_d35776